Thế giới kỳ lạ /
Sách giới thiệu với bạn đọc những điều chưa biết trong Những bí ẩn của thiên nhiên, con người và các loài vật.
Zapisane w:
| 1. autor: | |
|---|---|
| Kolejni autorzy: | |
| Format: | Książka |
| Język: | Vietnamese |
| Wydane: |
Hà Nội :
Thanh niên,
2000.
|
| Hasła przedmiotowe: | |
| Etykiety: |
Dodaj etykietę
Nie ma etykietki, Dołącz pierwszą etykiete!
|
| Thư viện lưu trữ: | Mạng thư viện Đại học Đà Nẵng |
|---|
| LEADER | 01002cam a2200349 i 4500 | ||
|---|---|---|---|
| 001 | 000046714 | ||
| 003 | 6219 | ||
| 005 | 20030917134134.0 | ||
| 008 | 010306b2000 vm 000 vie | ||
| 020 | |c 30000 | ||
| 040 | |a IRC |c IRC |d IRC | ||
| 041 | 0 | |a vie | |
| 082 | 1 | 4 | |a 001 |b TH-H |
| 100 | 1 | |a Thu Hiền. | |
| 245 | 0 | 0 | |a Thế giới kỳ lạ / |c Thu Hiền, Bùi Minh Châu. |
| 260 | |a Hà Nội : |b Thanh niên, |c 2000. | ||
| 300 | |a 328tr. ; |c 19cm. | ||
| 520 | 3 | |a Sách giới thiệu với bạn đọc những điều chưa biết trong Những bí ẩn của thiên nhiên, con người và các loài vật. | |
| 630 | 0 | 4 | |a Kiến thức. |
| 630 | 0 | 4 | |a Thế giới kỳ lạ. |
| 650 | 0 | 4 | |a Kiến thức khoa học. |
| 700 | 1 | |a Bùi Minh Châu. | |
| OWN | |a DUT | ||
| 999 | |a From the UDN01 | ||
| TYP | |a Monograph | ||
| TYP | |a Printed language | ||
| 980 | |a Mạng thư viện Đại học Đà Nẵng | ||